India 2010-2011 top 1000 corporate companies in India.
| Format: | Book |
|---|---|
| Published: |
New Delhi:
Amelia Publications,
2010.
|
| Subjects: |
| LEADER | 00423cam a2200133 7i4500 | ||
|---|---|---|---|
| 001 | 0000027518 | ||
| 005 | 20120510090000.0 | ||
| 090 | 0 | 0 | |a INDA 338.7025 |b IND |
| 245 | 0 | 0 | |a India 2010-2011 top 1000 corporate companies in India. |
| 260 | 0 | 0 | |a New Delhi: |b Amelia Publications, |c 2010. |
| 300 | # | # | |a 450 p. |
| 650 | 0 | 0 | |a Business -- |x Directories -- |z India |
| 651 | 0 | 0 | |a India |
| 999 | |a B000030174 |b Directories |c Countries |e Business Information Centre | ||